ბათუმის შოთა რუსთაველის სახელმწიფო უნივერსიტეტის ბიბლიოთეკა

Магистральные нефте- продуктопроводы. (ბიბ.ჩანაწერი № 40668)

000 -LEADER
fixed length control field 00690nam a2200205Ia 4500
001 - CONTROL NUMBER
control field 7296
003 - CONTROL NUMBER IDENTIFIER
control field GE_BSU
008 - FIXED-LENGTH DATA ELEMENTS--GENERAL INFORMATION
fixed length control field 181216s||||||||xx |||||||||||||| ||und||
040 ## - CATALOGING SOURCE
Transcribing agency GE_BSU
080 ## - UNIVERSAL DECIMAL CLASSIFICATION NUMBER
Universal Decimal Classification number 621.643+622
100 ## - MAIN ENTRY--PERSONAL NAME
Personal name Галеев,В.Б. Карпачев,М.З. Харламенко,В.И.
245 ## - TITLE STATEMENT
Title Магистральные нефте- продуктопроводы.
245 ## - TITLE STATEMENT
Statement of responsibility, etc. Под общей ред. В.И.Харламенко.
260 ## - PUBLICATION, DISTRIBUTION, ETC.
Place of publication, distribution, etc. М.
260 ## - PUBLICATION, DISTRIBUTION, ETC.
Name of publisher, distributor, etc. Недра.
260 ## - PUBLICATION, DISTRIBUTION, ETC.
Date of publication, distribution, etc. 1976.
300 ## - PHYSICAL DESCRIPTION
Extent 357стр.22см.с илл. библиогр.:стр.355.
653 ## - INDEX TERM--UNCONTROLLED
Uncontrolled term Магистральные нефте- продуктопроводы.
942 ## - ADDED ENTRY ELEMENTS (KOHA)
Koha item type წიგნი
ეგზემპლარები
Withdrawn status Lost status Damaged status Not for loan Date acquired Barcode Date last seen Price effective from Koha item type
        2018-12-17 10163 2018-12-17 2018-12-17 წიგნი